|
|
|
|
| LEADER |
00611nam a2200157 4500 |
| 082 |
|
|
|a 380.141
|b AIS/EM
|
| 100 |
|
|
|a Aiswarya S
|
| 245 |
|
|
|a Emotional intelligence among the employees of ESAF microfinance and investment (P) Ltd., Thrissur
|
| 260 |
|
|
|a Vellanikkara
|b College of Co-operation, Banking and Management
|c 2016
|
| 300 |
|
|
|a 88 pages
|
| 502 |
|
|
|a MBA
|
| 650 |
|
|
|a Agribusiness management
|
| 700 |
|
|
|a Helen S (Guide)
|
| 942 |
|
|
|2 ddc
|c TH
|
| 999 |
|
|
|c 155544
|d 155544
|
| 952 |
|
|
|0 0
|1 0
|4 0
|6 380_141000000000000_AISEM
|7 1
|8 REF
|9 154591
|a KAUCLV
|b KAUCLV
|c THESES
|d 2017-05-03
|o 380.141 AIS/EM
|p 173832
|r 2017-05-03
|w 2017-05-03
|y TH
|